Statistiques concernant Trouvez les paroles - La ceinture - Elodie Frégé

Cliquez ici pour prendre le quiz!

Statistiques générales

  • Ce quiz a été pris 27 fois
  • Le résultat moyen est 173 sur 266

Statistiques - réponses

Réponse% Correct
À
100%
A
100%
Ceinture
100%
De
100%
Des
100%
La
100%
Pas
100%
Le
95%
Au
91%
Du
91%
Ma
91%
Non
91%
Je
86%
Les
86%
Me
86%
Bouche
82%
C’est
82%
Et
82%
Lèvres
82%
Ne
82%
Si
82%
Sur
82%
Sûr
82%
Ta
82%
Au-dessus
77%
Dur
77%
En
77%
Est
77%
Pour
77%
Te
77%
Louche
73%
Même
73%
Sa
73%
Dure
64%
Goût
64%
Il
64%
Mais
64%
Rêve
64%
Rien
64%
Ton
64%
J’en
59%
Ou
59%
Peau
59%
Tous
59%
Tout
59%
Tu
59%
Dans
55%
Langue
55%
Mon
55%
Ni
55%
Plus
55%
Que
55%
Sans
55%
Corps
50%
Sont
50%
Vertu
50%
Coeur
45%
Coups
45%
Perdu
45%
Sais
45%
Sous
45%
Douche
41%
Fait
41%
L’ambulance
41%
N’a
41%
Odeur
41%
Promis
41%
Tire
41%
Bien
36%
Garde
36%
Mort
36%
Permis
36%
Puisque
36%
Temps
36%
Touche
36%
Trac
36%
Âme
32%
D’importance
32%
Faire
32%
Honneur
32%
Mièvre
32%
Mordrai
32%
Potence
32%
Sang
32%
Cerises
27%
Chaud
27%
Dehors
27%
Diable
27%
Entre
27%
Fond
27%
Gris
27%
Jamais
27%
Lac
27%
L’odeur
27%
Mieux
27%
Nu
27%
Pain
27%
Paradis
27%
Soit
27%
Vent
27%
Bonheur
23%
Chance
23%
Donner
23%
Joue
23%
Mangeras
23%
Préfère
23%
Pudeur
23%
Revers
23%
Tenter
23%
Tremble
23%
Trêve
23%
Vaut
23%
Crue
18%
Cuit
18%
D’avance
18%
D’impudence
18%
Endurci
18%
Interdits
18%
Jeux
18%
L’oubli
18%
Offense
18%
Oiseau
18%
Refus
18%
Revêtue
18%
Sol
18%
Bel
14%
D’assaut
14%
L’évidence
14%
Plutôt
14%
Rendons-nous
14%
Pente
9%

Distribution des résultats

Percentile par nombre de réponses

% des personnes avec chaque résultat

Votre développement - résultats

Vous n’avez pas pris ce quiz